Arte mexicano en el MADC /
Catálogo de la exposición del mismo título, presentada por el MADC, de San José, Costa Rica, con el fin de ofrecer una pequeña muestra del arte que se hace en México hoy día, particularmente en Guadalajara, que es la zona donde desarrollan su trabajo los seis creadores incluidos. La muestra se reali...
Gardado en:
| Autor Corporativo: | |
|---|---|
| Outros autores: | |
| Formato: | Libro |
| Idioma: | Lingua castelá |
| Temas: | |
| Etiquetas: |
Sen Etiquetas, Sexa o primeiro en etiquetar este rexistro!
|
MARC
| LEADER | 00000nam^a2200000^a^4500 | ||
|---|---|---|---|
| 001 | 000185852 | ||
| 005 | 20250521000000.0 | ||
| 009 | 20260310102205.64 | ||
| 037 | |a Acervo ITESO - Biblioteca | ||
| 041 | |a ESP | ||
| 082 | |a 709. 72063 |b MADC COV | ||
| 110 | |a Museo de Arte y Diseño Contemporáneo | ||
| 245 | 1 | 0 | |a Arte mexicano en el MADC / |c Museo de Arte y Diseño Contemporáneo ; curaduría de F.J. Covarrubias Alvarez del Castillo. |
| 264 | |a San José, Costa Rica : |b Museo de Arte y Diseño Contemporáneo, |c 1999 | ||
| 300 | |a [14] p. | ||
| 336 | |a texto |b txt |2 rdacontenido | ||
| 337 | |a sin mediación |b n |2 rdamedio | ||
| 338 | |a volumen |b nc |2 rdasoporte | ||
| 520 | |a Catálogo de la exposición del mismo título, presentada por el MADC, de San José, Costa Rica, con el fin de ofrecer una pequeña muestra del arte que se hace en México hoy día, particularmente en Guadalajara, que es la zona donde desarrollan su trabajo los seis creadores incluidos. La muestra se realizó en julio y agosto de 1999. | ||
| 649 | |a XX | ||
| 650 | |a Museos y Galerías - |z San José, Costa Rica - |x Exposiciones | ||
| 650 | |a Pintores Mexicanos | ||
| 650 | |a Artistas Mexicanos | ||
| 650 | |a Pintura Mexicana - |x Exposiciones | ||
| 650 | |a Pintura Mexicana - |x Historia y Crítica | ||
| 650 | |a Pintura Mexicana - |y 1990-1999 | ||
| 650 | |a Pintura Mexicana - |y Siglo XX | ||
| 650 | |a Arte Mexicano - |x Exposiciones | ||
| 650 | |a Arte Mexicano - |x Historia y Crítica | ||
| 650 | |a Arte Mexicano - |y 1990-1999 | ||
| 650 | |a Arte Mexicano - |y Siglo XX | ||
| 650 | |a Covarrubias Alvarez del Castillo, Felipe de Jesús | ||
| 650 | |a Gómez Arriola, Ignacio | ||
| 650 | |a Macías, Juan Carlos | ||
| 650 | |a Ponce, Jaime | ||
| 650 | |a Saavedra, Waldo | ||
| 600 | |a Covarrubias, Mito | ||
| 700 | |a Covarrubias Alvarez del Castillo, Felipe de Jesús |e (curaduría) | ||
| 910 | |a Fondo General | ||
| 920 | |a Impresos - Libros | ||
| 930 | |a Reserva Especial | ||
| 905 | |a 103 | ||
| 901 | |a 0500127003 |b IT1 |c REE |u 20250521 | ||
| 902 | |a https://opac.biblio.iteso.mx/vufind/Record/000185852 | ||